| 000 | 00353nam a22001217a 4500 | ||
|---|---|---|---|
| 020 | _a0-07-041498-X | ||
| 082 | _a629.832 MEL'C | ||
| 100 |
_aJONES, S.K ,MELSA, J.L _957555 |
||
| 245 | _aCOMPUTER PROGRAMMERS FOR COMPUTATIONAL ASSISTANCE IN THE STUDY OF LINEAR CONTROL THEORY | ||
| 260 |
_aNEWYORK _bMCGRAW HILL _c1973 |
||
| 300 | _a198P | ||
| 942 | _cBK | ||
| 999 |
_c567825 _d567825 |
||